Εισαγωγή στην οικονομική και διοικητική των επιχειρήσεων
Αποθηκεύτηκε σε:
| Κύριος συγγραφέας: | |
|---|---|
| Μορφή: | Βιβλίο |
| Γλώσσα: | Greek |
| Δημοσίευση: |
Αθήνα :
Σμπίλιας "Το Οικονομικό",
1991
|
| Θέματα: | |
| Ετικέτες: |
Προσθήκη ετικέτας
Δεν υπάρχουν, Καταχωρήστε ετικέτα πρώτοι!
|
MARC
| LEADER | 00000cam a2200000 i 4500 | ||
|---|---|---|---|
| 001 | 1/17336 | ||
| 008 | 010219s1991 gre d | ||
| 035 | |l 10066094 | ||
| 040 | |a GR-MY-UA |b gre |e aacr | ||
| 041 | 0 | |a gre | |
| 082 | 0 | |a 658 | |
| 100 | 1 | |a Σταθόπουλος, Αθανάσιος Ν. | |
| 245 | 1 | 0 | |a Εισαγωγή στην οικονομική και διοικητική των επιχειρήσεων / |c Αθανάσιος Νικ. Σταθόπουλος |
| 260 | |a Αθήνα : |b Σμπίλιας "Το Οικονομικό", |c 1991 | ||
| 300 | |a (τ.1: 283 σ.) | ||
| 500 | |a (Συνοπτικές σημειώσεις κατά τις παραδόσεις του καθηγητού) | ||
| 504 | |a Περιέχει βιβλιογραφία | ||
| 650 | 0 | 0 | |a Management. |
| 650 | 0 | 0 | |a Financial management. |
| 852 | |a INST |b CHIOS |e 20010219 |h 658 ΣΤΑ |p 005200016840 |q 005200016840 |t BK |y 0 |z τ.1 | ||
| 852 | |a INST |b CHIOS |e 20010219 |h 658 ΣΤΑ |p 005200016840 |q 005200016840 |t BK |v τ.1: |y 0 |z τ.1 | ||
| 853 | |a INST |b CHIOS |h 658 ΣΤΑ | ||
| 901 | |a BIBL2-2001-1 | ||
| 909 | |a Χ |b 082993 | ||
| 970 | |a ΣΠΕΝΤΖΑ |b ΕΛΕΝΗ |z 2001/02/19 | ||